Wielki Quiz Muzyczny - Edycja Polska cz. II - Statystyki

Ogólne statystyki
  • Ten quiz został rozwiązany 1 399 razy
    1 397 od ostatniego zresetowania
  • Średni wynik to 23 z 32
Statystyki odpowiedzi
Autor/Piosenka % Poprawnych
Kayah & Bregović - Prawy do {Lewego}
97%
Sławomir - Miłość w {Zakopanem}
96%
Mr. Zoob - Mój jest ten kawałek {podłogi}
95%
T. Love - {Chłopaki} Nie Płaczą
95%
Blue Cafe - Do Piekła, do {Nieba}
94%
Andrzej Rybiński- Nie liczę godzin i {lat}
93%
Dawid Podsiadło - W Dobrą {Stronę}
91%
Ich Troje - {Zawsze} z Tobą chciałbym być
90%
Rotary - Na jednej z dzikich {plaż}
89%
Wilki - Ja ogień, Ty {woda}
88%
Enej - Skrzydlate {Ręce}
84%
Paktofonika - Jestem {Bogiem}
84%
Golec uOrkiestra - Crazy is my {life}
80%
Kasia Kowalska - {Pieprz} i Sól
79%
Skaldowie - Wszystko mi mówi, że mnie ktoś {pokochał}
77%
Trubadurzy - Znamy się tylko z {widzenia}
77%
Boys - Jesteś {Szalona}
76%
Happysad - Zanim {Pójdę}
76%
De Mono - {Statki} na Niebie
68%
Hey - Moja i Twoja {Nadzieja}
65%
Strachy Na Lachy - {Dzień} {dobry}, Kocham Cię
64%
Alicja Majewska - Odkryjemy Miłość {Nieznaną}
59%
Tadeusz Woźniak - Zegarmistrz {Światła}
59%
Obywatel GC - Nie pytaj o {Polskę}
57%
Brodka - {Dziewczyna} Mojego Chłopaka
52%
Doda & Virgin - Znak {Pokoju}
52%
Chłopcy z Placu Broni - Kocham {Wolność}
48%
Kukiz i Piersi - {Całuj} Mnie
48%
Daab - W moim {Ogrodzie}
35%
Stan Borys - {Jaskółka} Uwięziona
35%
Irena Jarocka - Odpływają {Kawiarenki}
32%
Piotr Szczepanik - Goniąc {Kormorany}
28%
Nie znaleziono quizów pasujących do podanych kryteriów
Rozkład punktacji
Procent ludzi z każdym wynikiem
Percentyl według liczby udzielonych odpowiedzi
Twoja historia wyników
Nie rozwiązałeś tego quizu od ostatniego zresetowania